Les plus gros transferts (départs) d'Eredivisie - Statistiques

Statistiques générales
  • Ce quiz a été pris 70 fois
  • Le résultat moyen est 18 sur 30
Statistiques - réponses
Club précédent Club Nationalité Saison Montant NOM % Correct
Ajax FC Barcelone Pays-Bas 19/20 86 M Frenkie De Jong
100%
Ajax Manchester United Brésil 22/23 95 M Antony
98%
Ajax Juventus Pays-Bas 19/20 85 M Mathijs De Ligt
98%
Ajax Chelsea Maroc 20/21 40 M Hakim Ziyech
92%
Ajax Manchester United Argentine 22/23 57 M Lisandro Martinez
87%
Ajax West Ham United Ghana 23/24 43 M Mohammed Kudus
86%
Ajax Borussia Dortmund Côte d'Ivoire 22/23 31 M Sébastien Haller
86%
Ajax Manchester United Pays-Bas 20/21 39 M Donny Van de Beek
79%
Ajax Liverpool FC Uruguay 10/11 26.5 M Luis Suarez
78%
Ajax Tottenham Colombie 17/18 42 M Davinson Sanchez
76%
Ajax Arsenal Pays-Bas 23/24 40 M Jurrien Timber
70%
Ajax OGC Nice Danemark 19/20 20.5 M Kasper Dolberg
67%
Ajax FC Barcelone Etats-Unis 20/21 21 M Sergino Dest
67%
Ajax Juventus Suède 04/05 16 M Zlatan Ibrahimovic
67%
Ajax West Ham United Mexique 23/24 38 M Edson Alvarez
65%
Ajax Naples Pologne 16/17 32 M Arkadiusz Milik
62%
Ajax Tottenham Danemark 13/14 14.15 M Christian Eriksen
57%
Ajax Bayern Munich Pays-Bas 22/23 18.5 M Ryan Gravenberch
57%
Ajax Tottenham Belgique 12/13 12.5 M Jan Vertonghen
51%
Ajax Real Madrid Pays-Bas 07/08 27 M Wesley Sneijder
51%
Ajax Manchester United Pays-Bas 14/15 17.5 M Daley Blind
43%
Ajax Real Madrid Pays-Bas 08/09 27 M Klaas-Jan Huntelaar
41%
Ajax Shaktar Donetsk Brésil 21/22 12 M David Neres
37%
Ajax Everton FC Pays-Bas 17/18 27 M Davy Klaassen
27%
Ajax AS Roma Pays-Bas 18/19 17.25 M Justin Kluivert
27%
Ajax FC Fulham Nigeria 23/24 22.5 M Calvin Bassey
25%
Ajax AS Roma Roumanie 03/04 18 M Cristian Chivu
22%
Ajax FC Barcelone Pays-Bas 16/17 13 M Jasper Cillessen
21%
Ajax Liverpool FC Pays-Bas 07/08 17.25 M Ryan Babel
17%
Ajax VFL Wolfsburg Pays-Bas 16/17 12 M Riechedly Bazoer
3%
Aucun quiz correspondant
Distribution des résultats
% des personnes avec chaque résultat
Percentile par nombre de réponses
Votre historique - résultats
Vous n’avez pas pris ce quiz